<?xml version="1.0" encoding="UTF-8"?>
<record
    xmlns:xsi="http://www.w3.org/2001/XMLSchema-instance"
    xsi:schemaLocation="http://www.loc.gov/MARC21/slim http://www.loc.gov/standards/marcxml/schema/MARC21slim.xsd"
    xmlns="http://www.loc.gov/MARC21/slim">

  <leader>03132nam a2200349 i 4500</leader>
  <controlfield tag="003">DO-SdBNP</controlfield>
  <controlfield tag="005">20260515092220.0</controlfield>
  <controlfield tag="007">ta</controlfield>
  <controlfield tag="008">260515e2025    dr p|||gr|||||||| pbspa d</controlfield>
  <datafield tag="020" ind1=" " ind2=" ">
    <subfield code="a">9789945518689</subfield>
  </datafield>
  <datafield tag="040" ind1=" " ind2=" ">
    <subfield code="a">DO-SdBNP</subfield>
    <subfield code="b">spa</subfield>
    <subfield code="c">BNPHU</subfield>
    <subfield code="e">RDA</subfield>
  </datafield>
  <datafield tag="041" ind1=" " ind2=" ">
    <subfield code="a">spa</subfield>
  </datafield>
  <datafield tag="082" ind1=" " ind2=" ">
    <subfield code="a">RD 861.45 </subfield>
    <subfield code="2">S253a 2025</subfield>
    <subfield code="b">22</subfield>
  </datafield>
  <datafield tag="100" ind1=" " ind2=" ">
    <subfield code="a">Satake-Torena, Masako </subfield>
    <subfield code="e">autor</subfield>
    <subfield code="9">89577</subfield>
  </datafield>
  <datafield tag="245" ind1=" " ind2=" ">
    <subfield code="a">Agon&#xED;a desmedida / </subfield>
    <subfield code="c">Masako Satake-Torena [y otros cuatro].</subfield>
  </datafield>
  <datafield tag="264" ind1=" " ind2=" ">
    <subfield code="a">Santo Domingo, Rep&#xFA;blica Dominicana : </subfield>
    <subfield code="b">Imp. Publicaciones Libertad, </subfield>
    <subfield code="c">2025.</subfield>
  </datafield>
  <datafield tag="300" ind1=" " ind2=" ">
    <subfield code="a">72 p&#xE1;ginas : </subfield>
    <subfield code="b">ilustraciones ; </subfield>
    <subfield code="c">21 x 14 cm.</subfield>
  </datafield>
  <datafield tag="336" ind1=" " ind2=" ">
    <subfield code="a">texto</subfield>
    <subfield code="b">txt</subfield>
    <subfield code="2">rdacontent</subfield>
  </datafield>
  <datafield tag="337" ind1=" " ind2=" ">
    <subfield code="a">sin mediaci&#xF3;n </subfield>
    <subfield code="b">n </subfield>
    <subfield code="2">rdamedia</subfield>
  </datafield>
  <datafield tag="338" ind1=" " ind2=" ">
    <subfield code="a">volumen </subfield>
    <subfield code="b">nc </subfield>
    <subfield code="2">rdacarrier</subfield>
  </datafield>
  <datafield tag="500" ind1=" " ind2=" ">
    <subfield code="a">Incluye biograf&#xED;a en la cubierta superior. </subfield>
  </datafield>
  <datafield tag="505" ind1=" " ind2=" ">
    <subfield code="a">Dedicatoria 7 -- Prologo I 8 -- Prologo II 10 -- Agon&#xED;a 13 -- Almas gemelas 14 -- 11:00 AM 15 -- Alzheimer y yo 16 -- A&#xF1;o viejo 18 -- Ausencia 20 -- Celos 21 -- El circo 22 -- El d&#xED;a que no recuerde 23 -- En la pr&#xF3;xima vida 25 -- Encontr&#xE9; mi alma 26 -- Eras tu mi hombre 28 -- Extra&#xF1;o tus abrazos 29 -- La aventura 30 -- La que m&#xE1;s perd&#xED; 31 -- Intangible 32 -- Mi Interior 33 -- Jaula de Cristal 34 -- Mi Dolor 35 -- Nacimiento 36 -- Pecado Original 37 -- Si pudiera hija m&#xED;a 38 -- Ecos 40 -- Solo palabras vanas 41 -- Solo t&#xFA; 42 -- Soledad 44 -- Euforia 45 -- Esperanza 47 -- C&#xF3;mplice 48 -- Mis infiernos 49 -- Desn&#xFA;dame ahora 51 -- Fr&#xE1;gil 52 -- Hojas de oto&#xF1;o 53 -- Inconcluso I 55 -- Inconcluso II 56 -- Inconcluso III 58 -- Decepci&#xF3;n 59 -- Imperfecto 61 -- Primer llamado 62 -- Paso r&#xE1;pido 63 -- Tarde 64 -- Vac&#xED;o 66.</subfield>
  </datafield>
  <datafield tag="520" ind1=" " ind2=" ">
    <subfield code="a">La agon&#xED;a desmedida: un viaje po&#xE9;tico&#x201D; de nuestra amiga Masako Satake-Torena, nos sumerge en el abismo de la pasi&#xF3;n, donde el amor y el dolor se entrelazan y la agon&#xED;a desmedida se convierte en un estado permanente. En este espacio, la raz&#xF3;n se desvanece y la emoci&#xF3;n se convierte en la &#xFA;nica verdad. La belleza y la destrucci&#xF3;n se funden en un abrazo fatal, donde la voz que susurra es la de un coraz&#xF3;n que late con intensidad, que sangra
con cada verso y que grita con cada silencio. La agon&#xED;a desmedida es un estado de &#xE1;nimo, un clima emocional que se cierne sobre la existencia como una nube oscura. Es un recordatorio de que el amor y el dolor son dos caras de la misma moneda, y que la intensidad de uno puede ser directamente proporcional a la profundidad del otro. En este poemario, te invito a sumergirte en el mundo de la agon&#xED;a desmedida, a sentir el pulso de la pasi&#xF3;n y el dolor, a experimentar la intensidad de la emoci&#xF3;n y la b&#xFA;squeda de la verdad. La poes&#xED;a se convierte en un acto de supervivencia, un intento de dar sentido a lo que parece no tenerlo.    </subfield>
  </datafield>
  <datafield tag="590" ind1=" " ind2=" ">
    <subfield code="a">Inventariado, 2026/WG.</subfield>
  </datafield>
  <datafield tag="650" ind1=" " ind2=" ">
    <subfield code="a">Poes&#xED;a dominicana</subfield>
  </datafield>
  <datafield tag="650" ind1=" " ind2="7">
    <subfield code="a">Literatura dominicana</subfield>
    <subfield code="9">1994</subfield>
  </datafield>
  <datafield tag="700" ind1=" " ind2=" ">
    <subfield code="a">Galv&#xE1;n, Juan</subfield>
    <subfield code="e">cuidado del texto</subfield>
    <subfield code="9">87452</subfield>
  </datafield>
  <datafield tag="700" ind1=" " ind2=" ">
    <subfield code="a">Castillo, Aurelia </subfield>
    <subfield code="e">cuidado del texto</subfield>
    <subfield code="9">76355</subfield>
  </datafield>
  <datafield tag="700" ind1=" " ind2=" ">
    <subfield code="a">D&#xED;az Jaquez, Altagracia</subfield>
    <subfield code="e">correcci&#xF3;n de estilo</subfield>
    <subfield code="9">89578</subfield>
  </datafield>
  <datafield tag="700" ind1=" " ind2=" ">
    <subfield code="a">Medina, Ludwig</subfield>
    <subfield code="e">diagramaci&#xF3;n</subfield>
    <subfield code="9">102024</subfield>
  </datafield>
  <datafield tag="942" ind1=" " ind2=" ">
    <subfield code="2">ddc</subfield>
    <subfield code="c">LBS1</subfield>
  </datafield>
  <datafield tag="952" ind1=" " ind2=" ">
    <subfield code="0">0</subfield>
    <subfield code="1">0</subfield>
    <subfield code="2">ddc</subfield>
    <subfield code="5">1</subfield>
    <subfield code="7">0</subfield>
    <subfield code="8">PD</subfield>
    <subfield code="a">BNPHU</subfield>
    <subfield code="b">BNPHU</subfield>
    <subfield code="c">CT</subfield>
    <subfield code="d">2026-05-15</subfield>
    <subfield code="l">0</subfield>
    <subfield code="o">RD 861.45 S253a 2025</subfield>
    <subfield code="p">2026-4112</subfield>
    <subfield code="r">2026-05-15</subfield>
    <subfield code="w">2026-05-15</subfield>
    <subfield code="y">LBS1</subfield>
  </datafield>
  <datafield tag="952" ind1=" " ind2=" ">
    <subfield code="0">0</subfield>
    <subfield code="1">0</subfield>
    <subfield code="2">ddc</subfield>
    <subfield code="5">1</subfield>
    <subfield code="7">0</subfield>
    <subfield code="8">PD</subfield>
    <subfield code="a">BNPHU</subfield>
    <subfield code="b">BNPHU</subfield>
    <subfield code="c">CT</subfield>
    <subfield code="d">2026-05-15</subfield>
    <subfield code="l">0</subfield>
    <subfield code="o">RD 861.45 S253a 2025</subfield>
    <subfield code="p">2026-4113</subfield>
    <subfield code="r">2026-05-15</subfield>
    <subfield code="t">e.2</subfield>
    <subfield code="w">2026-05-15</subfield>
    <subfield code="y">LBS1</subfield>
  </datafield>
  <datafield tag="952" ind1=" " ind2=" ">
    <subfield code="0">0</subfield>
    <subfield code="1">0</subfield>
    <subfield code="2">ddc</subfield>
    <subfield code="5">1</subfield>
    <subfield code="7">0</subfield>
    <subfield code="8">PD</subfield>
    <subfield code="a">BNPHU</subfield>
    <subfield code="b">BNPHU</subfield>
    <subfield code="c">CT</subfield>
    <subfield code="d">2026-05-15</subfield>
    <subfield code="l">0</subfield>
    <subfield code="o">RD 861.45 S253a 2025</subfield>
    <subfield code="p">2026-4114</subfield>
    <subfield code="r">2026-05-15</subfield>
    <subfield code="t">e.3</subfield>
    <subfield code="w">2026-05-15</subfield>
    <subfield code="y">LBS1</subfield>
  </datafield>
  <datafield tag="999" ind1=" " ind2=" ">
    <subfield code="c">60749</subfield>
    <subfield code="d">60749</subfield>
  </datafield>
</record>
